Reise durch die Felsengebirge und die Humboldtgebirge nach dem Stillen Ocean : (Record no. 52044)

MARC details
000 -LEADER
fixed length control field 00857cam a2200241 a 4500
001 - CONTROL NUMBER
control field rc 01001237
003 - CONTROL NUMBER IDENTIFIER
control field DLC
005 - DATE AND TIME OF LATEST TRANSACTION
control field 20260227111903.0
008 - FIXED-LENGTH DATA ELEMENTS--GENERAL INFORMATION
fixed length control field 840713s1859 gw 000 0ager
010 ## - LIBRARY OF CONGRESS CONTROL NUMBER
LC control number rc 01001237
040 ## - CATALOGING SOURCE
Original cataloging agency DLC
Transcribing agency DLC
Modifying agency DLC
043 ## - GEOGRAPHIC AREA CODE
Geographic area code n-usp--
-- nr-----
050 00 - LIBRARY OF CONGRESS CALL NUMBER
Classification number F593
Item number .S33
100 1# - MAIN ENTRY--PERSONAL NAME
Personal name Schiel, J.
Fuller form of name (Jacob Heinrich Wilhelm),
Dates associated with a name 1813-
245 10 - TITLE STATEMENT
Title Reise durch die Felsengebirge und die Humboldtgebirge nach dem Stillen Ocean :
Remainder of title eine Skizze /
Statement of responsibility, etc. von Dr. J. Schiel.
260 ## - PUBLICATION, DISTRIBUTION, ETC.
Place of publication, distribution, etc. Schaffhausen :
Name of publisher, distributor, etc. Druck und Verlag der Brodtmann'schen Buchhandlung,
Date of publication, distribution, etc. 1859.
300 ## - PHYSICAL DESCRIPTION
Extent 139 p. ;
Dimensions 19 cm.
510 4# - CITATION/REFERENCES NOTE
Name of source Wagner-Camp (4th ed.),
Location within source 344
500 ## - GENERAL NOTE
General note Errata on leaf after t.p.
651 #0 - SUBJECT ADDED ENTRY--GEOGRAPHIC NAME
Geographic name West (U.S.)
General subdivision Description and travel.
651 #0 - SUBJECT ADDED ENTRY--GEOGRAPHIC NAME
Geographic name Rocky Mountains
General subdivision Description and travel.
650 #0 - SUBJECT ADDED ENTRY--TOPICAL TERM
Topical term or geographic name entry element Overland journeys to the Pacific.

No items available.

Powered by Koha